[Event "16th Asian-ch"]
[Site "Makati PHI"]
[Date "2018.12.10"]
[Round "1.1"]
[White "Wang Hao"]
[Black "Taher, Yoseph Theolifus"]
[Result "1/2-1/2"]
[WhiteElo "2730"]
[BlackElo "2454"]
[EventDate "2018.12.10"]
[PlyCount "108"]

1.e4 e5 2.Bc4 Nf6 3.d3 d6 4.Nf3 Be7 5.O-O O-O 6.Re1 c6 7.c3 Bg4 8.h3 Bh5 
9.Bb3 Nbd7 10.Nbd2 Re8 11.Nf1 Bf8 12.Ng3 Bg6 13.Nh4 Nc5 14.Bc2 d5 15.Qf3 
dxe4 16.dxe4 Ne6 17.Nhf5 Qc7 18.Nh6+ Kh8 19.Ng4 Nxg4 20.hxg4 f6 21.Nf5 
Rad8 22.g3 a5 23.Kg2 Bc5 24.Rh1 Rd7 25.Bb3 Ng5 26.Qe2 b6 27.a4 Bf7 28.Bxf7
Rxf7 29.f3 Rd7 30.Bd2 Red8 31.Rad1 Nf7 32.b4 Bf8 33.bxa5 bxa5 34.Bc1 Rxd1 
35.Rxd1 Rxd1 36.Qxd1 g6 37.Ne3 Bc5 38.Nc4 Kg7 39.Qd3 Qa7 40.Bd2 Qc7 41.Kf1
Qa7 42.Ke2 Qc7 43.Kd1 Qa7 44.Kc2 Qc7 45.f4 Qc8 46.fxe5 fxe5 47.g5 Qe6 48.
Kb1 Bb6 49.Nxb6 Qb3+ 50.Kc1 Qxb6 51.Qc4 Nd6 52.Qe6 Qc5 53.Qe7+ Kg8 54.Qe6+
Kg7 1/2-1/2

[Event "16th Asian-ch"]
[Site "Makati PHI"]
[Date "2018.12.10"]
[Round "1.4"]
[White "Pascua, Haridas"]
[Black "Santosh Gujrathi, Vidit"]
[Result "1/2-1/2"]
[WhiteElo "2442"]
[BlackElo "2701"]
[EventDate "2018.12.10"]
[PlyCount "70"]

1.d4 Nf6 2.c4 g6 3.g3 Bg7 4.Bg2 d5 5.cxd5 Nxd5 6.Nf3 O-O 7.O-O Nc6 8.Nc3 
Rb8 9.e3 Nxc3 10.bxc3 b6 11.Qe2 Bb7 12.Rd1 Qd7 13.e4 Na5 14.Bf4 Rbc8 15.
Rac1 e6 16.h4 h6 17.e5 c5 18.dxc5 Qa4 19.cxb6 axb6 20.Nh2 Bxg2 21.Kxg2 h5 
22.Nf3 Qc4 23.Qe3 Qxa2 24.Bh6 Nc4 25.Qf4 Bxh6 26.Qxh6 Qa8 27.Qf4 Rc5 28.
Kg1 Qb8 29.Qh6 Rxe5 30.Nxe5 Qxe5 31.Rd4 Qc7 32.Rcd1 Nb2 33.R1d2 Nc4 34.Rd1
Nb2 35.R1d2 Nc4 1/2-1/2

[Event "16th Asian-ch"]
[Site "Makati PHI"]
[Date "2018.12.10"]
[Round "1.5"]
[White "Adhiban, Baskaran"]
[Black "Laylo, Darwin"]
[Result "1-0"]
[WhiteElo "2695"]
[BlackElo "2438"]
[EventDate "2018.12.10"]
[PlyCount "99"]

1.d4 Nf6 2.c4 g6 3.Nc3 d5 4.Nf3 Bg7 5.h4 c6 6.Bg5 dxc4 7.e4 b5 8.e5 Nd5 9.
h5 Bf5 10.h6 Bf8 11.Be2 Nd7 12.a4 b4 13.Nb1 c3 14.bxc3 bxc3 15.Na3 f6 16.
Bc1 e6 17.exf6 Qxf6 18.O-O Bb4 19.Ng5 O-O 20.g4 c2 21.Nxc2 Nc3 22.Qd2 
Nxe2+ 23.Qxe2 Bxc2 24.Qxc2 Qxd4 25.Qe4 Qxe4 26.Nxe4 Nf6 27.Nxf6+ Rxf6 28.
Be3 a5 29.Rac1 Rc8 30.Rfd1 Rf7 31.Kg2 e5 32.Rc4 Rb7 33.Rdc1 c5 34.Kf3 Kf7 
35.Ke4 Ke6 36.Rd1 Rd7 37.Rxd7 Kxd7 38.Kd5 Rf8 39.Bxc5 Bxc5 40.Rxc5 Rxf2 
41.Rxa5 Ke7 42.Kxe5 Re2+ 43.Kf4 Kf6 44.Ra6+ Kf7 45.Ra7+ Kg8 46.a5 Ra2 47.
Kg5 Rc2 48.Rg7+ Kh8 49.Rb7 Rc5+ 50.Kh4 1-0

[Event "16th Asian-ch"]
[Site "Makati PHI"]
[Date "2018.12.10"]
[Round "1.6"]
[White "Chen Qi"]
[Black "Maghsoodloo, Parham"]
[Result "0-1"]
[WhiteElo "2437"]
[BlackElo "2688"]
[EventDate "2018.12.10"]
[PlyCount "96"]

1.e4 e5 2.Nf3 Nc6 3.Bc4 Bc5 4.c3 Nf6 5.d3 a6 6.O-O d6 7.a4 Ba7 8.h3 h6 9.
Re1 g5 10.Be3 g4 11.Nh4 Bxe3 12.Rxe3 Nxe4 13.Rxe4 Qxh4 14.hxg4 Be6 15.Bxe6
fxe6 16.Nd2 O-O-O 17.b4 d5 18.Re3 e4 19.dxe4 d4 20.cxd4 Rxd4 21.Qe2 Rxb4 
22.Rc1 Nd4 23.Qd3 Rd8 24.Qc3 Qe7 25.e5 Kb8 26.Ne4 a5 27.Nc5 Rd5 28.g3 Rb6 
29.Nd3 Rb3 30.Qe1 Qa3 31.Ra1 Qf8 32.Nf4 Rxe5 33.Rxe5 Nf3+ 34.Kg2 Nxe1+ 35.
Raxe1 Qg8 36.g5 hxg5 37.Nxe6 Qg6 38.Rxa5 g4 39.Rc5 c6 40.Rg5 Qf6 41.Rg8+ 
Ka7 42.Nf4 Qc3 43.Re3 Qc4 44.Ree8 Rb1 45.Ra8+ Kb6 46.a5+ Kb5 47.Rg5+ c5 
48.Rxc5+ Qxc5 0-1

[Event "16th Asian-ch"]
[Site "Makati PHI"]
[Date "2018.12.10"]
[Round "1.7"]
[White "Ni Hua"]
[Black "Dimakiling, Oliver"]
[Result "1-0"]
[WhiteElo "2683"]
[BlackElo "2434"]
[EventDate "2018.12.10"]
[PlyCount "127"]

1.d4 Nf6 2.c4 e6 3.g3 Bb4+ 4.Bd2 Bxd2+ 5.Qxd2 O-O 6.Bg2 d6 7.Nf3 Qe7 8.Nc3
Nbd7 9.O-O c6 10.e4 e5 11.Nh4 g6 12.f4 exd4 13.Qxd4 Nc5 14.Rad1 Ne8 15.b4 
Ne6 16.Qf2 a5 17.b5 Bd7 18.Rfe1 cxb5 19.cxb5 Rc8 20.Nd5 Qd8 21.f5 Bxb5 22.
Qb6 N6c7 23.Nxc7 Nxc7 24.Rxd6 Na8 25.Qd4 Qc7 26.e5 Qc3 27.Qxc3 Rxc3 28.
Bxb7 gxf5 29.Nxf5 Nc7 30.Nd4 Rb8 31.Be4 Ba4 32.Re2 h5 33.Kf2 Bd1 34.Rd2 
Bg4 35.Rc6 Rxc6 36.Nxc6 Rb5 37.Ke3 Kg7 38.Rc2 Ne6 39.Bd3 Rd5 40.Rc3 a4 41.
Bc2 Nc5 42.a3 Be6 43.Rc4 Nd7 44.Rxa4 Rc5 45.Be4 Rc1 46.Kd2 Rf1 47.Ra8 Rf2+
48.Ke3 Rxh2 49.Nd4 Bg4 50.e6 fxe6 51.Ra7 e5 52.Nf3 Rg2 53.Nxe5 Rxg3+ 54.
Kf4 Rc3 55.Nxd7 Bxd7 56.Rxd7+ Kf6 57.Rd3 Rc4 58.Rd6+ Ke7 59.Ra6 h4 60.Ke5 
Rc3 61.Ra7+ Kd8 62.Kd6 Ke8 63.Bd5 Kf8 64.Rf7+ 1-0

[Event "16th Asian-ch"]
[Site "Makati PHI"]
[Date "2018.12.10"]
[Round "1.9"]
[White "Nguyen Ngoc Truong Son"]
[Black "Cuhendi, Sean Winshand"]
[Result "1-0"]
[WhiteElo "2641"]
[BlackElo "2429"]
[EventDate "2018.12.10"]
[PlyCount "75"]

1.d4 Nf6 2.Nf3 g6 3.g3 Bg7 4.Bg2 O-O 5.O-O d6 6.c4 Nbd7 7.Nc3 e5 8.e4 exd4
9.Nxd4 Re8 10.h3 a6 11.Be3 Rb8 12.a4 Nc5 13.Qc2 a5 14.Rad1 Bd7 15.Rfe1 Qc8
16.g4 h5 17.g5 Nh7 18.h4 Bh3 19.f3 Bxg2 20.Kxg2 Nf8 21.Ndb5 Nfe6 22.Nd5 
Be5 23.Bxc5 dxc5 24.Na7 Qd8 25.Nf6+ Bxf6 26.Rxd8 Bxd8 27.Nb5 Be7 28.Qc1 c6
29.Nc3 Rbd8 30.f4 Rd7 31.Rf1 Red8 32.Rf2 Bd6 33.Kg1 Bc7 34.f5 Nf8 35.Qe3 
Be5 36.Ne2 Rd4 37.Kg2 b6 38.Qb3 
    {Writing ineligible, white won after 71 moves}
1-0

[Event "16th Asian-ch"]
[Site "Makati PHI"]
[Date "2018.12.10"]
[Round "1.10"]
[White "Garcia, Jan Emmanuel"]
[Black "Lu Shanglei"]
[Result "0-1"]
[WhiteElo "2429"]
[BlackElo "2636"]
[EventDate "2018.12.10"]
[PlyCount "136"]

1.c4 e6 2.Nf3 Nf6 3.g3 d5 4.Bg2 Be7 5.O-O O-O 6.b3 c5 7.cxd5 exd5 8.d4 Nc6
9.Bb2 Bg4 10.Ne5 Bh5 11.Nxc6 bxc6 12.Nc3 Re8 13.Rc1 Nd7 14.Qd2 cxd4 15.
Qxd4 Bf6 16.Qd2 Qa5 17.Rfd1 Qa6 18.Re1 Rad8 19.Bf1 Nb6 20.e3 Qb7 21.Na4 
Bxb2 22.Nxb2 Bf3 23.Nd3 Rd6 24.Nc5 Qe7 25.Bg2 Bxg2 26.Kxg2 h5 27.h4 Nd7 
28.Nxd7 Qxd7 29.Red1 Rf6 30.Qe2 Qf5 31.Rd4 Re4 32.Rcd1 g6 33.b4 Kg7 34.a4 
Qe5 35.b5 Rxd4 36.Rxd4 c5 37.Rd2 Qe4+ 38.f3 Qxa4 39.Rxd5 Qb4 40.Qc2 c4 41.
Rd4 Qa3 42.Kf2 Re6 43.e4 Rf6 44.f4 a6 45.Rxc4 axb5 46.Rc8 Ra6 47.Qc3+ Qxc3
48.Rxc3 b4 49.Rc8 Rb6 50.Rc2 b3 51.Rb2 Kf6 52.Kf3 Ke6 53.Ke3 Kd6 54.Kd3 
Kc5 55.Kc3 Rb4 56.e5 Rc4+ 57.Kxb3 Rb4+ 58.Kc3 Rxb2 59.Kxb2 Kd4 60.Kc2 Ke3 
61.Kc3 Kf3 62.Kd4 Kxg3 63.Ke4 Kg4 64.Ke3 Kxh4 65.f5 gxf5 66.Kf4 Kh3 67.
Kxf5 Kg3 68.Kf6 Kf4 0-1

[Event "16th Asian-ch"]
[Site "Makati PHI"]
[Date "2018.12.10"]
[Round "1.11"]
[White "Ganguly, Surya Shekhar"]
[Black "Docena, Jerad"]
[Result "1-0"]
[WhiteElo "2621"]
[BlackElo "2426"]
[EventDate "2018.12.10"]
[PlyCount "129"]

1.c4 Nf6 2.Nc3 g6 3.e4 d6 4.d4 Bg7 5.Be2 O-O 6.Be3 e5 7.d5 Na6 8.g4 Nc5 9.
f3 a5 10.h4 h5 11.g5 Nfd7 12.Nh3 Na6 13.Qd2 Ndc5 14.Nb5 b6 15.Nf2 Bd7 16.
Rg1 Kh7 17.O-O-O f5 18.gxf6 Bxf6 19.Rg2 Qe7 20.Kb1 Rg8 21.Rdg1 Raf8 22.Qd1
Bh8 23.Bg5 Qf7 24.Rh2 Bg7 25.Qc1 Re8 26.Rg3 Qf8 27.Bf1 Bh6 28.Bh3 Bxg5 29.
hxg5 Kg7 30.Bxd7 Nxd7 31.Rh4 Kf7 32.f4 Ke7 33.Rf3 exf4 34.Nd4 Ne5 35.Rhxf4
Nxf3 36.Rxf3 Qg7 37.Rf6 Rgf8 38.Ne6 Qh8 39.e5 dxe5 40.Ne4 Nc5 41.N6xc5 
bxc5 42.Qe3 Rxf6 43.gxf6+ Kf7 44.Qxc5 g5 45.Qxc7+ Kg6 46.f7 Rf8 47.Qe7 Kf5
48.Nxg5 h4 49.a3 Kg4 50.Ka2 h3 51.Nh7 Rb8 52.Qg5+ Kf3 53.Qh4 Kg2 54.Qg4+ 
Kh2 55.Ng5 e4 56.Qf4+ Kg1 57.Qg4+ Kf1 58.Qd1+ Kg2 59.Qd2+ Kg3 60.Nxe4+ Kf3
61.Ng5+ Kg4 62.Ne6 Qf6 63.Qh2 Rh8 64.Qg1+ Kh4 65.Qg8 1-0

[Event "16th Asian-ch"]
[Site "Makati PHI"]
[Date "2018.12.10"]
[Round "1.12"]
[White "Nava, Roderick"]
[Black "Firouzja, Alireza"]
[Result "0-1"]
[WhiteElo "2392"]
[BlackElo "2607"]
[EventDate "2018.12.10"]
[PlyCount "62"]

1.d4 Nf6 2.c4 g6 3.Nc3 Bg7 4.e4 d6 5.h3 O-O 6.Be3 Nbd7 7.Nf3 e5 8.d5 Nc5 
9.Qc2 a5 10.g4 h5 11.g5 Nfd7 12.Nd2 c6 13.b3 Nb6 14.Rb1 Bd7 15.Rg1 Rc8 16.
f3 Kh7 17.h4 f6 18.Be2 fxg5 19.hxg5 Rf4 20.Rd1 cxd5 21.exd5 Rd4 22.Nde4 
Bf5 23.Qc1 Bxe4 24.Nxe4 Nxd5 25.Bxd4 exd4 26.cxd5 Nxe4 27.Qf4 Nc3 28.Bd3 
Qe7+ 29.Kf2 Rf8 30.Qd2 Be5 31.Rde1 Qf7 0-1

[Event "16th Asian-ch"]
[Site "Makati PHI"]
[Date "2018.12.10"]
[Round "1.13"]
[White "Wen Yang"]
[Black "Amartuvshin, Ganzorig"]
[Result "1-0"]
[WhiteElo "2604"]
[BlackElo "2376"]
[EventDate "2018.12.10"]
[PlyCount "127"]

1.e4 c5 2.Nf3 e6 3.d4 cxd4 4.Nxd4 Nc6 5.g3 d5 6.Nc3 dxe4 7.Nxc6 Qxd1+ 8.
Kxd1 bxc6 9.Nxe4 Bb7 10.Bd3 O-O-O 11.Ke2 c5 12.f3 Nf6 13.Nxf6 gxf6 14.Be3 
h5 15.a3 Kb8 16.Rab1 Bd6 17.b4 cxb4 18.axb4 f5 19.Ra1 h4 20.Bxa7+ Kc7 21.
Bd4 e5 22.Bc5 Bxc5 23.bxc5 Rh5 24.Ke3 e4 25.Be2 f4+ 26.Kxf4 Rd2 27.Ke3 
Rxc2 28.fxe4 Rc3+ 29.Kd4 Rhxc5 30.Rhf1 f5 31.exf5 Rc2 32.Bd3 Rd5+ 33.Ke3 
Rc3 34.Rfd1 hxg3 35.hxg3 Rxf5 36.Kd4 Rfc5 37.Rf1 Bc8 38.Rae1 Rc6 39.Rf7+ 
Kd6 40.Rf6+ Kc7 41.Rf7+ Kd6 42.Bb5 R6c5 43.Rf6+ Kc7 44.Re7+ Kb8 45.Rf8 Rc7
46.Rxc7 Rxc7 47.Ba6 Rg7 48.Rxc8+ Ka7 49.Rc3 Kxa6 50.Rb3 Ka5 51.Ke5 Ka4 52.
Re3 Kb5 53.Kf5 Rg8 54.g4 Rf8+ 55.Kg5 Rg8+ 56.Kf4 Rf8+ 57.Kg3 Rg8 58.Rc3 
Kb4 59.Rc7 Kb5 60.Kf4 Rf8+ 61.Ke5 Kb6 62.Rc1 Rg8 63.Kf5 Rf8+ 64.Ke6 1-0

[Event "16th Asian-ch"]
[Site "Makati PHI"]
[Date "2018.12.10"]
[Round "1.14"]
[White "De Guzman, Ricardo"]
[Black "Zhumabaev, Rinat"]
[Result "0-1"]
[WhiteElo "2357"]
[BlackElo "2602"]
[EventDate "2018.12.10"]
[PlyCount "154"]

1.d4 e6 2.Nf3 c5 3.g3 cxd4 4.Nxd4 d5 5.Bg2 Nf6 6.O-O e5 7.Nb3 Be6 8.c4 Nc6
9.cxd5 Nxd5 10.Nc3 Nxc3 11.bxc3 Rc8 12.Be3 b6 13.Qd3 Qxd3 14.exd3 Ba3 15.
d4 exd4 16.Bxc6+ Rxc6 17.Nxd4 Rxc3 18.Nb5 Rd3 19.Rfd1 Rxd1+ 20.Rxd1 Bc5 
21.Nxa7 Bxa2 22.Nc8 Bxe3 23.fxe3 b5 24.Nd6+ Ke7 25.Nxb5 Rb8 26.Rd2 Be6 27.
Nd4 Rb1+ 28.Kf2 Bh3 29.e4 g6 30.Nf3 h6 31.Ra2 Rf1+ 32.Ke3 Rh1 33.Ra7+ Kf6 
34.Ra6+ Kg7 35.Ra2 Be6 36.Rd2 Ra1 37.Nd4 Bg4 38.Nc6 Re1+ 39.Kf4 Bc8 40.Nd4
Ba6 41.Nc2 Rb1 42.Nd4 Ra1 43.h4 Ra3 44.e5 Bc4 45.Rc2 Ra4 46.Ke4 g5 47.hxg5
hxg5 48.Rf2 Kg6 49.Rh2 Be6 50.Rh8 Ba2 51.Rd8 Ra3 52.g4 Bb1+ 53.Kd5 Ra5+ 
54.Kd6 Ba2 55.Nc6 Ra4 56.Ne7+ Kh7 57.Ng8 f5 58.Nf6+ Kg6 59.gxf5+ Kxf5 60.
Rf8 Ra6+ 61.Kc5 Kxe5 62.Ng4+ Ke4 63.Nf2+ Ke3 64.Ng4+ Kd3 65.Nf2+ Ke2 66.
Kd4 Ra4+ 67.Ke5 Ra5+ 68.Kd4 Bb1 69.Nh1 Ra4+ 70.Ke5 Re4+ 71.Kd5 Rg4 72.Nf2 
Rg3 73.Ke5 Re3+ 74.Kd5 Rf3 75.Rxf3 Kxf3 76.Nd1 Bc2 77.Nc3 g4 0-1

[Event "16th Asian-ch"]
[Site "Makati PHI"]
[Date "2018.12.10"]
[Round "1.16"]
[White "Miciano, John Marvin"]
[Black "Yakubboev, Nodirbek"]
[Result "0-1"]
[WhiteElo "2354"]
[BlackElo "2556"]
[EventDate "2018.12.10"]
[PlyCount "68"]

1.e4 e5 2.Nf3 Nc6 3.Bc4 Bc5 4.d3 Nf6 5.Nc3 h6 6.h3 a6 7.a3 d6 8.Qe2 O-O 9.
Nd5 Be6 10.Be3 Bxd5 11.Bxd5 Bxe3 12.Qxe3 Nxd5 13.exd5 Ne7 14.c4 f5 15.O-O 
g5 16.Nd2 Ng6 17.Rac1 b6 18.d4 e4 19.g3 Qf6 20.Qc3 Rae8 21.Rce1 h5 22.Kh1 
Re7 23.f3 exf3 24.Rxe7 Qxe7 25.Nxf3 g4 26.Re1 Qd8 27.Re6 Kg7 28.Ne1 h4 29.
hxg4 fxg4 30.Kg1 Qg5 31.Qe3 Qf5 32.Kh2 Qf1 33.Nd3 Qh3+ 34.Kg1 Rf1# 0-1

[Event "16th Asian-ch"]
[Site "Makati PHI"]
[Date "2018.12.10"]
[Round "1.17"]
[White "Abdusattorov, Nodirbek"]
[Black "Garma, Chito"]
[Result "1-0"]
[WhiteElo "2546"]
[BlackElo "2342"]
[EventDate "2018.12.10"]
[PlyCount "75"]

1.e4 c5 2.Nf3 d6 3.d4 cxd4 4.Nxd4 Nf6 5.f3 e5 6.Nb3 Be6 7.c4 Nbd7 8.Be3 
Nh5 9.Nc3 Nb6 10.Na5 Rb8 11.Qd2 Be7 12.Nd5 O-O 13.Nxe7+ Qxe7 14.Rd1 Rfd8 
15.Be2 Rbc8 16.Rc1 Nf4 17.Bxf4 exf4 18.O-O Qh4 19.b4 Rd7 20.Rfd1 h5 21.Bf1
Qf6 22.Rc2 Rdc7 23.Rdc1 Nd7 24.Qxd6 Ne5 25.Qd2 b6 26.Nb3 Qg5 27.Qf2 Bxc4 
28.Nd2 b5 29.a4 Rd8 30.h4 Qg6 31.Nxc4 bxc4 32.Bxc4 Rxc4 33.Rxc4 Nxc4 34.
Rxc4 Rd1+ 35.Kh2 Qf6 36.e5 Qxe5 37.Rc8+ Kh7 38.Qc2+ 1-0

[Event "16th Asian-ch"]
[Site "Makati PHI"]
[Date "2018.12.10"]
[Round "1.18"]
[White "Wang Shixu"]
[Black "Puranik, Abhimanyu"]
[Result "0-1"]
[WhiteElo "2342"]
[BlackElo "2544"]
[EventDate "2018.12.10"]
[PlyCount "72"]

1.d4 Nf6 2.c4 g6 3.Nc3 d5 4.Bg5 Ne4 5.Bh4 Nxc3 6.bxc3 dxc4 7.e3 Be6 8.Be2 
Bg7 9.Nf3 Nd7 10.O-O Nb6 11.Qc2 O-O 12.Bg3 Rc8 13.a4 a5 14.Rfb1 c5 15.Rb5 
cxd4 16.Nxd4 Bd7 17.Rxa5 Na8 18.Rd5 Nb6 19.Ra5 Re8 20.Ra7 e5 21.Nb5 Bc6 
22.Rd1 Qe7 23.a5 Nd5 24.e4 Ne3 25.fxe3 Bxb5 26.Rd5 Ba6 27.Qb2 Bh6 28.Bf2 
Rcd8 29.Qb6 Bf8 30.Rxa6 Rxd5 31.Ra7 Rd7 32.Bxc4 Qc5 33.Bd5 Qxc3 34.h3 Bc5 
35.Qb5 Bxe3 36.Kh2 Bxf2 0-1

[Event "16th Asian-ch"]
[Site "Makati PHI"]
[Date "2018.12.10"]
[Round "1.19"]
[White "Ghaem Maghami, Ehsan"]
[Black "Lye Lik Zang"]
[Result "0-1"]
[WhiteElo "2537"]
[BlackElo "2321"]
[EventDate "2018.12.10"]
[PlyCount "64"]

1.c4 c6 2.Nf3 d5 3.d4 Nf6 4.e3 Bf5 5.Nc3 e6 6.Nh4 Be4 7.f3 Bg6 8.Qb3 Qc7 
9.Bd2 Be7 10.O-O-O dxc4 11.Qxc4 a6 12.Qb3 b5 13.Nxg6 hxg6 14.e4 c5 15.d5 
c4 16.Qc2 e5 17.g4 Bd6 18.h4 Nbd7 19.Kb1 Nc5 20.Be3 Rb8 21.Ne2 Ke7 22.Bg5 
Rhc8 23.h5 Qa5 24.Bd2 b4 25.g5 Nxh5 26.Bh3 Rc7 27.Qxc4 Na4 28.Qb3 Rc3 29.
bxc3 bxc3 30.Qxb8 Bxb8 31.Nxc3 Qb4+ 32.Kc2 Qb2+ 0-1

[Event "16th Asian-ch"]
[Site "Makati PHI"]
[Date "2018.12.10"]
[Round "1.20"]
[White "Quizon, Daniel"]
[Black "Xu Yi"]
[Result "0-1"]
[WhiteElo "2314"]
[BlackElo "2536"]
[EventDate "2018.12.10"]
[PlyCount "76"]

1.e4 c5 2.Nc3 Nc6 3.g3 g6 4.Bg2 Bg7 5.Nge2 e6 6.d3 Nge7 7.O-O O-O 8.Be3 
Nd4 9.Qd2 d6 10.Nd1 Rb8 11.c3 Nxe2+ 12.Qxe2 b6 13.Qd2 Ba6 14.f3 f5 15.Nf2 
Qd7 16.Rfd1 Nc6 17.Bh6 d5 18.Bxg7 Kxg7 19.d4 dxe4 20.fxe4 Rbd8 21.exf5 
Rxf5 22.g4 Rff8 23.d5 Ne7 24.d6 Nd5 25.Bxd5 Qxd6 26.Ne4 Qxd5 27.Qxd5 exd5 
28.Ng3 Rf4 29.h3 d4 30.cxd4 cxd4 31.Re1 Rd7 32.Re4 Rf3 33.Kg2 Rd3 34.Rf4 
Bb7+ 35.Kf2 Rd2+ 36.Ke1 Rxb2 37.Rd1 Rxa2 38.Rfxd4 Re7+ 0-1

[Event "16th Asian-ch"]
[Site "Makati PHI"]
[Date "2018.12.10"]
[Round "1.22"]
[White "Turqueza Mari, Joseph"]
[Black "Tran Tuan Minh"]
[Result "0-1"]
[WhiteElo "2305"]
[BlackElo "2524"]
[EventDate "2018.12.10"]
[PlyCount "58"]

1.d4 Nf6 2.c4 e6 3.Nf3 b6 4.g3 Ba6 5.Nbd2 c5 6.e4 cxd4 7.e5 Ng8 8.Bg2 Nc6 
9.O-O Nge7 10.Ne4 Ng6 11.Bg5 Qb8 12.Nxd4 Ncxe5 13.f4 Bxc4 14.Rf2 Nd3 15.
Rd2 h6 16.Rxd3 hxg5 17.Nxg5 Bxd3 18.Qxd3 Bc5 19.b4 Nxf4 20.gxf4 Qxf4 21.
bxc5 Qxg5 22.Re1 bxc5 23.Nf5 O-O 24.Ng3 d5 25.Qc3 Rac8 26.Re5 Qf4 27.Ne2 
Qf6 28.Qg3 c4 29.Nd4 c3 0-1

[Event "16th Asian-ch"]
[Site "Makati PHI"]
[Date "2018.12.10"]
[Round "1.23"]
[White "Megaranto, Susanto"]
[Black "Jacutina, John Merill"]
[Result "1-0"]
[WhiteElo "2512"]
[BlackElo "2296"]
[EventDate "2018.12.10"]
[PlyCount "71"]

1.d4 Nf6 2.Nf3 d5 3.c4 c6 4.Nc3 dxc4 5.a4 Bf5 6.e3 e6 7.Bxc4 Bb4 8.O-O 
Nbd7 9.h3 O-O 10.Nh4 Nb6 11.Bb3 a5 12.Qf3 Bd3 13.Rd1 Bc4 14.Bxc4 Nxc4 15.
e4 Bxc3 16.bxc3 b5 17.Qe2 Nd6 18.e5 Nd5 19.exd6 Qxh4 20.Bd2 b4 21.cxb4 
Qxd4 22.bxa5 Qc5 23.Rdc1 Qxd6 24.Qc4 Rfc8 25.Rab1 h6 26.Rb3 e5 27.Rb7 Qe6 
28.a6 Kh7 29.a5 c5 30.a7 f5 31.Rcb1 Rc6 32.Bxh6 Ne7 33.Qxe6 Rxe6 34.Be3 
Nd5 35.Bxc5 Ra6 36.Rb8 1-0

[Event "16th Asian-ch"]
[Site "Makati PHI"]
[Date "2018.12.10"]
[Round "1.24"]
[White "Young, Angelo"]
[Black "Tan Zhongyi"]
[Result "0-1"]
[WhiteElo "2282"]
[BlackElo "2508"]
[EventDate "2018.12.10"]
[PlyCount "68"]

1.d4 Nf6 2.Nf3 e6 3.g3 b5 4.Bg2 Bb7 5.c3 Be7 6.a4 b4 7.O-O O-O 8.cxb4 Bxb4
9.a5 Na6 10.Bg5 Rb8 11.Qd3 Be7 12.Nc3 c5 13.Rfd1 Nb4 14.Qb1 c4 15.Bf4 d6 
16.Qc1 a6 17.h3 Qc7 18.Bd2 Bc6 19.Ne1 Bxg2 20.Nxg2 Nc6 21.d5 Nxa5 22.Qc2 
Nb3 23.Rxa6 Qb7 24.Ra4 Nd4 25.Qb1 Nxd5 26.Nxd5 Nxe2+ 27.Kh2 Qxd5 28.Be3 
Rxb2 29.Qxb2 Qxd1 30.Ra1 c3 31.Qa2 c2 32.Qa4 Nc3 33.Qa7 Bf6 34.Nf4 Nb5 0-1

[Event "16th Asian-ch"]
[Site "Makati PHI"]
[Date "2018.12.10"]
[Round "1.25"]
[White "Gagare, Shardul"]
[Black "Pangilinan, Stephen Rome"]
[Result "1-0"]
[WhiteElo "2504"]
[BlackElo "2276"]
[EventDate "2018.12.10"]
[PlyCount "97"]

1.Nf3 Nf6 2.g3 b6 3.Bg2 Bb7 4.O-O e6 5.c4 Be7 6.d4 d6 7.Nc3 Nbd7 8.d5 e5 
9.Nh4 g6 10.e4 Ng8 11.Nf3 Bf6 12.Be3 Ne7 13.b4 a5 14.a3 Ba6 15.Nb5 O-O 16.
Bd2 Bg7 17.Qc1 Re8 18.Rb1 Bc8 19.bxa5 Nc5 20.axb6 cxb6 21.Qc2 f5 22.Ng5 h6
23.Ne6 Nxe6 24.dxe6 Bxe6 25.Bb4 Nc6 26.exf5 Nxb4 27.axb4 Bxf5 28.Be4 Rf8 
29.Qd3 Ra2 30.Bxf5 Rxf5 31.Qd5+ Kh7 32.Nxd6 Rh5 33.c5 Ra7 34.Rfd1 bxc5 35.
bxc5 e4 36.Qxe4 Rxc5 37.Nb7 Re5 38.Qxg6+ Kxg6 39.Nxd8 Ra2 40.Rd6+ Kf5 41.
Rb7 Re1+ 42.Kg2 Be5 43.Rf7+ Kg5 44.Re6 Bc3 45.Rc6 Bd4 46.h4+ Kh5 47.Rf5+ 
Kg4 48.Rf4+ Kh5 49.g4+ 1-0

[Event "16th Asian-ch"]
[Site "Makati PHI"]
[Date "2018.12.10"]
[Round "1.26"]
[White "Gong, Daniel Hanwen"]
[Black "Bilguun, Sumiya"]
[Result "0-1"]
[WhiteElo "2270"]
[BlackElo "2497"]
[EventDate "2018.12.10"]
[PlyCount "44"]

1.e4 c5 2.Nc3 a6 3.d4 cxd4 4.Qxd4 Nc6 5.Qe3 Nf6 6.Bd2 g6 7.e5 Ng4 8.Qg3 d6
9.exd6 Bg7 10.h3 Nf6 11.O-O-O O-O 12.Bg5 Qa5 13.Bxf6 Bxf6 14.d7 Nb4 15.
dxc8=Q Raxc8 16.Nge2 Qf5 17.Rd2 Rfd8 18.Qg4 Qxf2 19.Qg3 Qf5 20.Rd3 Nxd3+ 
21.cxd3 Rxd3 22.Qg4 Bg5+ 0-1

[Event "16th Asian-ch"]
[Site "Makati PHI"]
[Date "2018.12.10"]
[Round "1.27"]
[White "Liu Yan"]
[Black "Schain, Randolph"]
[Result "1-0"]
[WhiteElo "2495"]
[BlackElo "2229"]
[EventDate "2018.12.10"]
[PlyCount "89"]

1.Nf3 Nf6 2.c4 d6 3.d4 g6 4.g3 Bg7 5.Bg2 O-O 6.O-O c5 7.b3 Nc6 8.Bb2 Qc7 
9.Nc3 Bf5 10.d5 Ne5 11.Nxe5 dxe5 12.d6 exd6 13.Nb5 Qe7 14.Qxd6 Rfe8 15.
Qxe7 Rxe7 16.Ba3 Rd7 17.Bxc5 Rd2 18.Bxb7 Rb8 19.Be3 Rxe2 20.Bf3 Rxe3 21.
fxe3 e4 22.Be2 Ng4 23.Bxg4 Bxg4 24.Rac1 Rd8 25.c5 Bh6 26.Rc3 Be2 27.Nd6 
Bxf1 28.Kxf1 Bg7 29.Rc2 Be5 30.Nxe4 f5 31.Nf2 Kf7 32.Ke2 Ke6 33.Nd3 Bc7 
34.b4 Kd5 35.b5 g5 36.Nb4+ Ke6 37.Nc6 Ra8 38.a4 h5 39.a5 f4 40.gxf4 gxf4 
41.b6 axb6 42.axb6 Kd7 43.Na7 Be5 44.c6+ Ke6 45.c7 1-0

[Event "16th Asian-ch"]
[Site "Makati PHI"]
[Date "2018.12.10"]
[Round "1.29"]
[White "Nguyen Anh Khoi"]
[Black "Bai, Adelard"]
[Result "1-0"]
[WhiteElo "2480"]
[BlackElo "2100"]
[EventDate "2018.12.10"]
[PlyCount "87"]

1.d4 d5 2.c4 c6 3.Nf3 Nf6 4.Nc3 dxc4 5.a4 e6 6.e3 c5 7.Bxc4 cxd4 8.exd4 
Nc6 9.O-O Be7 10.Qe2 O-O 11.Rd1 Nb4 12.Bg5 Nfd5 13.Nxd5 Nxd5 14.Bxe7 Nxe7 
15.Ne5 b6 16.Qe4 Rb8 17.Bd3 Ng6 18.Nc6 Bb7 19.Nxd8 Bxe4 20.Nxe6 fxe6 21.
Bxe4 Ne7 22.Bc2 Rbc8 23.Bb3 Nd5 24.Re1 Kf7 25.a5 b5 26.Re5 Rfd8 27.f4 g6 
28.Rf1 Kf6 29.g4 Nc7 30.g5+ Ke7 31.Rc1 Rd6 32.d5 Rd7 33.dxe6 Rd3 34.Ba2 
Kd6 35.e7 Kd7 36.Rxc7+ Kxc7 37.Rc5+ Kd7 38.Rxc8 Rd1+ 39.Kf2 Kxe7 40.Rc7+ 
Kd6 41.Rxa7 Rd2+ 42.Kg3 Rxb2 43.Bg8 b4 44.Bxh7 1-0

[Event "16th Asian-ch"]
[Site "Makati PHI"]
[Date "2018.12.10"]
[Round "1.30"]
[White "Nouri, Alekhine"]
[Black "Vokhidov, Shamsiddin"]
[Result "0-1"]
[WhiteElo "2013"]
[BlackElo "2480"]
[EventDate "2018.12.10"]
[PlyCount "76"]

1.e4 e5 2.Nf3 Nc6 3.Bb5 Nge7 4.Nc3 g6 5.Nd5 Bg7 6.d3 Nxd5 7.exd5 Ne7 8.Qe2
c6 9.d6 Nf5 10.Bc4 Nxd6 11.Bb3 O-O 12.Bg5 Qa5+ 13.Bd2 Qc7 14.h4 a5 15.a4 
b5 16.h5 e4 17.Ng5 exd3 18.cxd3 Qd8 19.Qg4 Nf5 20.hxg6 hxg6 21.Qh3 Re8+ 
22.Kf1 d5 23.Qh7+ Kf8 24.Nf3 b4 25.g4 Ng3+ 26.fxg3 Qf6 27.Bf4 Bxg4 28.Ng5 
Qf5 29.Bc2 b3 30.Bb1 Bd4 31.Rh2 Ra7 32.Rf2 Rae7 33.Qh6+ Bg7 34.Qh4 Re1+ 
35.Kg2 R8e2 36.Ne4 f6 37.Nc3 Bh3+ 38.Kf3 Re3# 0-1

[Event "16th Asian-ch"]
[Site "Makati PHI"]
[Date "2018.12.10"]
[Round "1.32"]
[White "Orio, Rogelio"]
[Black "Kunte, Abhijit"]
[Result "0-1"]
[WhiteElo "1793"]
[BlackElo "2469"]
[EventDate "2018.12.10"]
[PlyCount "80"]

1.d4 Nf6 2.Bf4 b6 3.c4 e6 4.a3 Bb7 5.Nf3 g6 6.Nc3 Bg7 7.e3 O-O 8.Bd3 d6 9.
e4 Nbd7 10.Qd2 a6 11.h4 e5 12.Bg5 exd4 13.Nd5 Bxd5 14.cxd5 Nc5 15.Qc2 Qe8 
16.Bxf6 Bxf6 17.O-O-O b5 18.g4 a5 19.e5 dxe5 20.Qxc5 b4 21.Bb5 Qc8 22.Rdg1
bxa3 23.bxa3 a4 24.Qc6 Bg7 25.h5 Rb8 26.Kd2 Rb6 27.Qc4 Qb7 28.Bxa4 Rb2+ 
29.Bc2 Qb6 30.Ne1 e4 31.Kc1 d3 32.Nxd3 exd3 33.Qxd3 Ra2 34.Rf1 Re8 35.hxg6
Ra1+ 36.Bb1 Qb2+ 37.Kd1 Rxb1+ 38.Qxb1 Qxb1+ 39.Kd2 Qb2+ 40.Kd1 Re2 0-1

[Event "16th Asian-ch"]
[Site "Makati PHI"]
[Date "2018.12.11"]
[Round "2.2"]
[White "Tran Tuan Minh"]
[Black "Adhiban, Baskaran"]
[Result "1/2-1/2"]
[WhiteElo "2524"]
[BlackElo "2695"]
[EventDate "2018.12.10"]
[PlyCount "97"]

1.d4 Nf6 2.c4 g6 3.Nc3 Bg7 4.e4 O-O 5.Be3 d6 6.Be2 c5 7.d5 e6 8.Nf3 exd5 
9.cxd5 Bg4 10.O-O Re8 11.Nd2 Bxe2 12.Qxe2 Na6 13.h3 Nc7 14.a4 b6 15.Rae1 
a6 16.Qd3 Nd7 17.f4 b5 18.axb5 axb5 19.Nxb5 Nxb5 20.Qxb5 Nf6 21.Qd3 Ra4 
22.b3 Rb4 23.Bf2 Nh5 24.g3 Qa8 25.Kh2 Bd4 26.Re2 Bxf2 27.Rfxf2 Rd4 28.Qf3 
Nf6 29.e5 Nxd5 30.Ne4 dxe5 31.fxe5 Rf8 32.Nxc5 Nc7 33.Qe3 Rd1 34.Ne4 Kg7 
35.Qf3 Ne6 36.Ra2 Qd5 37.Ra7 Kh6 38.Qe3+ Kg7 39.Qf3 Kh6 40.Qg4 Nc5 41.Ra5 
Re1 42.Rxc5 Qxe4 43.Qxe4 Rxe4 44.h4 Kg7 45.Rf4 Rxf4 46.gxf4 Rb8 47.Rc3 Rb4
48.Kg3 h5 49.Kf3 1/2-1/2

[Event "16th Asian-ch"]
[Site "Makati PHI"]
[Date "2018.12.11"]
[Round "2.3"]
[White "Maghsoodloo, Parham"]
[Black "Lalith Babu, Musunuri Rohit"]
[Result "1/2-1/2"]
[WhiteElo "2688"]
[BlackElo "2529"]
[EventDate "2018.12.10"]
[PlyCount "53"]

1.d4 Nf6 2.c4 e6 3.Nf3 d5 4.Nc3 Nbd7 5.Bg5 Be7 6.e3 O-O 7.Qc2 c5 8.cxd5 
Nxd5 9.Bxe7 Qxe7 10.Nxd5 exd5 11.dxc5 Nxc5 12.Bd3 h6 13.O-O Bg4 14.Nd4 
Rac8 15.Qd2 Ne6 16.Nb3 Ng5 17.f3 Bd7 18.Rac1 Rfe8 19.Rxc8 Rxc8 20.Bb1 Re8 
21.Re1 Bc6 22.a3 Ne6 23.Nd4 Qf6 24.Nxe6 Rxe6 25.Bd3 Re8 26.Bf1 Qe5 27.Bd3 
1/2-1/2